000 00900nam a2200265 i 4500
001 188152
003 SpMaBN
005 20231217124127.0
008 180529s2011 sp |||| |dspa d
020 _a978-84-9852-313-3
080 _a929 Díez-Canedo, Enrique
080 _a82.09"19"
100 1 _aJiménez León, Marcelino.
_966548
245 1 3 _aLa obra crítica de Enrique Díez-Canedo /
_cMarcelino Jiménez León.
260 _aMérida :
_bEditora Regional de Extremadura,
_c2011.
300 _a619 p. ;
_c24 cm.
490 1 _aColección estudio ;
_v40
504 _aBibliografía: p. 463-553.
600 1 4 _aDíez-Canedo, Enrique,
_d1879-1944
_944685
650 7 _aLiteratura-
_yS.XX-
_xHistoria y crítica.
_9139829
830 0 _aColección estudio ;
_v40
_9181942
852 _aES-MaACL
_jA-14181
_9195271
_bR.151455
_cDEPO1
_dOlim: N-7181
942 _2udc
999 _c188152
_d188152